000 00570nam a2200169 a 4500
001 000038014
005 20250221073755.0
008 110406s2009 dr a 000 0 spa d
040 _aDO-SdBNP
_bspa
_cBNPHU
082 _axxxx
_bB142m
245 0 4 _aLas migraciones internacionales en la República Dominicana (1997-2002) /
_cCristina Massa.
260 _aSanto Domingo :
_bONE,
_c2009.
300 _a74 p. :
_bil., gráf., retrs. ;
_c27 cm.
700 1 _aMassa, Cristina
_964414
710 1 _aRepública Dominicana.
_bOficina Nacional de Estadística
_95775
049 _aBNPD
999 _c37504
_d37504